000 00642nam a2200253Ia 4500
003 OSt
005 20220918200613.0
006 a|||||r|||| 00| 0
007 ta
008 220917b |||||||| |||| 00| 0 eng d
024 _a89,467
037 _cTextual
040 _aARTS
_cARTS
_beng
041 _2eng
_aeng
082 _aU47, J7 (u)
100 _aUnstead J F
_993145
245 0 _aWorld survey from teh human aspect
250 _a5th
260 _c1957
490 _aSystematic regional geogrphy; 3
650 _aHUMAN GEOGRAPHY
_91464
942 _hU47, J7 (u)
_cTEXL
_2CC
999 _c213137
_d213137